Statystyki dla Miasta w Indiach z 1 milionem ludności

Kliknij tutaj aby rozwiązać quiz!

Ogólne statystyki

  • Ten quiz został rozwiązany 458 razy
  • Średni wynik to 10 z 55

Odpowiedzi na mapie

Odpowiedzi skodowane kolorowo w zielono-czerwonej skali na mapie do tego quizu, zgodnie z poniższymi procentami.
Ładowanie ...
 

Statystyki odpowiedzi

popmiasto% Poprawnych
28.4 mDelhi
96%
24.2 mMumbaj
89%
16.4 mKolkata
52%
10.7 mĆennaj
38%
11.5 mBengaluru
31%
9.60 mHajdarabad
31%
8.00 mAhmadabad
28%
6.50 mPune
27%
2.18 mAgra
27%
6.30 mSurat
26%
3.53 mLucknow
23%
3.38 mKanpur
22%
3.15 mNagpur
22%
2.58 mPatna
22%
1.71 mMaduraj
20%
3.75 mJaipur
20%
1.86 mWaranasi
20%
3.03 mIndore
19%
2.30 mBhopal
18%
1.53 mŚrinagar
17%
1.96 mNashik
17%
1.77 mRadźkot
17%
1.67 mMeerut
16%
2.13 mVadodara
16%
1.91 mLudhijana
16%
1.42 mAllahabad
16%
1.36 mRanchi
15%
1.30 mKotā
15%
1.35 mAmritsar
15%
2.58 mCoimbatore
14%
1.70 mAurangabad
14%
1.34 mDhanbad
14%
1.44 mJabalpur
14%
1.17 mMysore
12%
1.10 mGuwahati
11%
1.40 mJodhpur
10%
1.82 mBhubaneswar
10%
1.00 mKozhikode
9%
2.73 mBhilaj
9%
1.56 mĀsansol
9%
1.60 mJamshedpur
9%
1.17 mTiruchirappalli
8%
1.06 mSolapur
8%
1.07 mSalem
8%
1.08 mDźalandhar
8%
1.09 mHubli-Dharwad
8%
1.91 mVijayawada
8%
1.17 mAlīgarh
8%
2.20 mCzandigarh
8%
1.56 mKochi
8%
1.18 mMorādābād
8%
1.24 mBareilly
8%
1.33 mTiruppur
8%
1.35 mGwalior
8%
2.08 mVishakhapatnam
8%

Rozkład punktacji

Percentyl według liczby udzielonych odpowiedzi

Procent ludzi z każdym wynikiem

Twoja historia wyników

Nie rozwiązałeś tego quizu